Library Banner

Hindu Muslim conflict in south asia (712-1947) (Record no. 76729)

MARC details
000 -LEADER
fixed length control field 00473nam a22001457a 4500
005 - DATE AND TIME OF LATEST TRANSACTION
control field 20150929100146.0
008 - FIXED-LENGTH DATA ELEMENTS--GENERAL INFORMATION
fixed length control field 150929b xxu||||| |||| 00| 0 eng d
040 ## - CATALOGING SOURCE
Transcribing agency PK-LaUMT
082 ## - DEWEY DECIMAL CLASSIFICATION NUMBER
Classification number KHC 954.0350882971
Item number SAR-H
100 ## - MAIN ENTRY--PERSONAL NAME
Personal name Sarfraz Hussain Mirza
245 ## - TITLE STATEMENT
Title Hindu Muslim conflict in south asia (712-1947)
Remainder of title a case study of the genesis of pakistan
Statement of responsibility, etc Sarfraz Hussain Mirza
260 ## - PUBLICATION, DISTRIBUTION, ETC. (IMPRINT)
Place of publication, distribution, etc Lahore
Name of publisher, distributor, etc Centre for south asian studies
Date of publication, distribution, etc 1997
300 ## - PHYSICAL DESCRIPTION
Extent 105 p.
942 ## - ADDED ENTRY ELEMENTS (KOHA)
Koha item type Books
Holdings
Withdrawn status Lost status Damaged status Home library Current library Date acquired Full call number Barcode Date last seen Price effective from Koha item type
      UMT Main Campus UMT Main Campus 2015-09-29 KHC 954.0350882971 SAR-H 68341 2015-09-29 2015-09-29 Books